[Event "Arctic Chess Challenge 2009"]
[Site "Scandic Tromsø"]
[Date "2009.08.01"]
[Round "1"]
[White "Jæger, Frode Bull"]
[Black "Socko, Bartosz"]
[Result "1/2-1/2"]
[WhiteElo "2105"]
[BlackElo "2656"]
[PlyCount "54"]
[EventDate "2009.??.??"]

1. d4 Nf6 2. c4 c5 3. d5 e6 4. Nc3 exd5 5. cxd5 d6 6. e4 g6 7. Bd3 Bg7 8. h3
O-O 9. Nf3 Na6 10. O-O Nc7 11. Re1 Rb8 12. a4 a6 13. Rb1 b5 14. axb5 axb5 15.
b4 Nd7 16. Bg5 Qe8 17. e5 dxe5 18. bxc5 Nxc5 19. d6 N7e6 20. Bxb5 Rxb5 21. Nxb5
e4 22. Nc7 Qc6 23. Nxe6 Nxe6 24. Rc1 Qb7 25. Rb1 Qc6 26. Rc1 Qb7 27. Rb1 Qc6
1/2-1/2

[Event "Arctic Chess Challenge 2009"]
[Site "Scandic Tromsø"]
[Date "2009.08.01"]
[Round "1"]
[White "Berg, Emanuel"]
[Black "Andreassen, Arnold"]
[Result "1-0"]
[WhiteElo "2610"]
[BlackElo "2074"]

1. e4 c5 2. Nf3 d6 3. d4 cxd4 4. Nxd4 Nf6 5. Nc3 g6 6. Be3 Bg7 7. f3 Nc6 8. Qd2
O-O 9. Bc4 Bd7 10. Bb3 Nxd4 11. Bxd4 b5 12. O-O a5 13. a4 bxa4 14. Nxa4 Rb8 15.
Ra2 e6 16. Bxe6 fxe6 17. Rfa1 Nh5 18. Bxg7 Kxg7 19. b3 Rb5 20. Nb2 Qb6+ 21. Kf1
d5 22. e5 Nf4 23. g3 Nh3 24. Kg2 Rb4 25. Nd3 Rd4 26. Rf1 
1-0

[Event "Arctic Chess Challenge 2009"]
[Site "Scandic Tromsø"]
[Date "2009.08.01"]
[Round "1"]
[White "Hansen, Pål Andreas"]
[Black "Sulskis, Sarunas"]
[Result "0-1"]
[WhiteElo "2042"]
[BlackElo "2559"]
[PlyCount "134"]
[EventDate "2009.??.??"]

1. d4 d5 2. c4 c6 3. cxd5 cxd5 4. Nc3 Nc6 5. Nf3 e6 6. Bf4 Qb6 7. Qd2 Nf6 8. e3
Ne4 9. Qc2 Qa5 10. Nd2 g5 11. Bg3 Nxg3 12. hxg3 h6 13. Be2 Bd7 14. Bh5 Rc8 15.
Rc1 Bg7 16. Nb3 Qb6 17. Nc5 Bxd4 18. Bxf7+ Kxf7 19. Nxd7 Bxc3+ 20. Qxc3 Qb4 21.
Qxb4 Nxb4 22. Kd2 Nc6 23. Nc5 b6 24. Nd3 Kg7 25. f4 Ne7 26. Rh5 Rxc1 27. Kxc1
Nf5 28. fxg5 hxg5 29. Rxh8 Kxh8 30. Kd2 Nxg3 31. b4 Kg7 32. b5 Ne4+ 33. Kc2 Nd6
34. a4 Nc4 35. Nb4 Nxe3+ 36. Kd2 Nc4+ 37. Kc3 Kf6 38. Nc6 e5 39. Nxa7 g4 40.
Nc8 g3 41. a5 bxa5 42. b6 Nxb6 43. Nxb6 Ke6 44. Na4 Kd6 45. Nb2 Kc6 46. Nd3 e4
47. Nc1 a4 48. Kd4 a3 49. Na2 Kb5 50. Nc1 Kb4 51. Kxd5 e3 52. Ke4 e2 53. Nxe2
a2 54. Nd4 Kc3 55. Ne2+ Kc4 56. Nxg3 Kc5 57. Ne2 Kd6 58. g4 Ke7 59. Kf5 a1=Q
60. Nf4 Qf6+ 61. Ke4 Kd6 62. Ke3 Qc3+ 63. Ke4 Qc2+ 64. Ke3 Ke5 65. Nd3+ Kf6 66.
Nf2 Kg5 67. Kf3 Qc3+ 
0-1

[Event "Arctic Chess Challenge 2009"]
[Site "Scandic Tromsø"]
[Date "2009.08.01"]
[Round "1"]
[White "Radulski, Julian"]
[Black "Flermoen, Peter"]
[Result "1-0"]
[WhiteElo "2539"]
[BlackElo "2027"]
[PlyCount "83"]
[EventDate "2009.??.??"]

1. e4 e5 2. Nf3 Nc6 3. Bb5 Nf6 4. Nc3 Be7 5. O-O d6 6. d4 exd4 7. Nxd4 Bd7 8.
Nxc6 bxc6 9. Ba4 O-O 10. h3 c5 11. Bb3 Bc6 12. Re1 Nd7 13. Nd5 Bxd5 14. Bxd5
Rb8 15. c3 Bf6 16. Re2 Qe7 17. Bf4 Be5 18. Be3 Nb6 19. Bb3 Bf6 20. Qd3 Rfe8 21.
Bc2 g6 22. Rd1 Qe6 23. b3 a5 24. f4 c4 25. Qd2 cxb3 26. axb3 a4 27. f5 gxf5 28.
exf5 Qe5 29. Rde1 Qxc3 30. Bh6 Rxe2 31. Qxe2 Nd7 32. bxa4 Ne5 33. Rc1 d5 34.
Bd1 Qb4 35. Kh1 Qd6 36. Qc2 Nc4 37. Rb1 c5 38. Rxb8+ Qxb8 39. Be2 Qb4 40. Qd1
d4 41. Bxc4 Qxc4 42. Qe1 
1-0

[Event "Arctic Chess Challenge 2009"]
[Site "Scandic Tromsø"]
[Date "2009.08.01"]
[Round "1"]
[White "Madland, Kristoffer"]
[Black "Rasmussen, Allan Stig"]
[Result "0-1"]
[WhiteElo "2017"]
[BlackElo "2536"]
[PlyCount "112"]
[EventDate "2009.??.??"]

1. e4 c6 2. d4 d5 3. Nc3 dxe4 4. Nxe4 Nd7 5. Bd3 Ngf6 6. Ng5 e6 7. N1f3 Bd6 8.
Qe2 h6 9. Ne4 Nxe4 10. Qxe4 Nf6 11. Qh4 Ke7 12. Ne5 Bxe5 13. dxe5 Qa5+ 14. c3
Qxe5+ 15. Be3 b6 16. O-O-O g5 17. Qa4 c5 18. Rhe1 Bd7 19. Qa3 Rhd8 20. Bd4 Qf4+
21. Kb1 Bc6 22. g3 Qf3 23. Be2 Qf5+ 24. Ka1 g4 25. Bd3 Ne4 26. Bxe4 Bxe4 27.
Be3 a5 28. c4 Bc2 29. Rxd8 Rxd8 30. Qc3 f6 31. Rc1 Be4 32. Qe1 h5 33. Rd1 Bd3
34. Qc3 Qf3 35. Rg1 e5 36. b3 Be4 37. a3 Rd3 38. Qb2 Rd1+ 39. Rxd1 Qxd1+ 40.
Ka2 Ke6 41. Qc1 Qd3 42. a4 Kf5 43. Kb2 Kg6 44. Qd2 Qb1+ 45. Kc3 h4 46. Qc1 Qd3+
47. Kb2 h3 48. Qe1 Kf5 49. Qc1 Bf3 50. Qc2 Ke4 51. Kc1 Be2 52. Bh6 Kf3 53.
Qxd3+ Bxd3 54. Kd2 e4 55. Ke1 Kg2 56. Bg7 Kxh2 
0-1

[Event "Arctic Chess Challenge 2009"]
[Site "Scandic Tromsø"]
[Date "2009.08.01"]
[Round "1"]
[White "Turner, Matthew J"]
[Black "Karlsen, Sverre"]
[Result "1-0"]
[WhiteElo "2517"]
[BlackElo "2013"]

1. c4 e5 2. g3 Nc6 3. Bg2 Nf6 4. Nc3 Bb4 5. e4 O-O 6. Nge2 d6 7. O-O Bc5 8. h3
a6 9. d3 Rb8 10. a3 b5 11. b4 Ba7 12. Nd5 Nxd5 13. cxd5 Nd4 14. Be3 Nxe2+ 15.
Qxe2 Bxe3 16. Qxe3 f5 17. f4 fxe4 18. fxe5 dxe5 19. dxe4 Rb6 20. Rxf8+ Qxf8 21.
Rc1 Qd6 22. Qc5 Qxc5+ 23. Rxc5 Rb7 24. d6 Kf7 25. h4 c6 26. Rxc6 
1-0

[Event "Arctic Chess Challenge 2009"]
[Site "Scandic Tromsø"]
[Date "2009.08.01"]
[Round "1"]
[White "Skage, Øystein Aagedal"]
[Black "Petrov, Marijan"]
[Result "0-1"]
[WhiteElo "1966"]
[BlackElo "2479"]
[PlyCount "66"]
[EventDate "2009.??.??"]

1. e4 c5 2. Nc3 Nc6 3. f4 g6 4. Nf3 Bg7 5. Bb5 Nd4 6. O-O Nxb5 7. Nxb5 d5 8.
exd5 a6 9. Nc3 Nf6 10. d4 Nxd5 11. dxc5 Nxc3 12. Qxd8+ Kxd8 13. bxc3 Bxc3 14.
Rb1 f6 15. Rb3 Ba5 16. Nd4 Ke8 17. Ba3 Kf7 18. Rfb1 Rd8 19. Rd3 Bc7 20. g3 Rb8
21. Re1 e6 22. Nb3 Bd7 23. Rde3 Re8 24. Nd4 Rbd8 25. Rb3 Bc8 26. Nf3 h6 27.
Reb1 g5 28. fxg5 hxg5 29. Rc3 e5 30. c6 b5 31. Bb4 Rd5 32. a4 e4 33. Ne1 a5 
0-1

[Event "Arctic Chess Challenge 2009"]
[Site "Scandic Tromsø"]
[Date "2009.08.01"]
[Round "1"]
[White "Kiik, Kalle"]
[Black "Mikalsen, Erlend"]
[Result "1-0"]
[WhiteElo "2475"]
[BlackElo "1944"]
[PlyCount "55"]
[EventDate "2009.??.??"]

1. e4 c5 2. c3 Nf6 3. e5 Nd5 4. Nf3 Nc6 5. d4 cxd4 6. cxd4 e6 7. Nc3 Bb4 8. Bd2
Nxc3 9. bxc3 Ba5 10. Bd3 d6 11. Qe2 dxe5 12. dxe5 Ne7 13. O-O O-O 14. Rad1 Nd5
15. c4 Ne7 16. Bg5 Qc7 17. Qe4 Ng6 18. h4 f5 19. exf6 gxf6 20. h5 f5 21. Qd4
Bb6 22. Qb2 Nf4 23. Bh6 Rd8 24. Bxf5 Rxd1 25. Rxd1 exf5 26. Rd8+ Kf7 27. Qg7+
Ke6 28. Ng5# 
1-0

[Event "Arctic Chess Challenge 2009"]
[Site "Scandic Tromsø"]
[Date "2009.08.01"]
[Round "1"]
[White "Meyer, Ole"]
[Black "Bruno, Fabio"]
[Result "0-1"]
[WhiteElo "1941"]
[BlackElo "2455"]
[PlyCount "62"]
[EventDate "2009.??.??"]

1. e4 c5 2. c3 Nf6 3. e5 Nd5 4. d4 cxd4 5. Nf3 e6 6. cxd4 d6 7. Bb5+ Nd7 8. O-O
a6 9. Bd3 b6 10. a3 Bb7 11. Re1 dxe5 12. dxe5 Nc5 13. Bc2 b5 14. Nbd2 Nf4 15.
b4 Ncd3 16. Bxd3 Nxd3 17. Re3 Qd5 18. Qb3 Rd8 19. Qxd5 Rxd5 20. Nb3 g6 21. Bd2
Bg7 22. Bc3 Bh6 23. Re4 O-O 24. Bd4 Rc8 25. Re2 Rdd8 26. Rd1 Nc1 27. Nxc1 Rxc1
28. Rxc1 Bxc1 29. Re1 Bxa3 30. Bc3 Rc8 31. Bd2 Rc2 
0-1

[Event "Arctic Chess Challenge 2009"]
[Site "Scandic Tromsø"]
[Date "2009.08.01"]
[Round "1"]
[White "Shytaj, Luca"]
[Black "Maiorov, Daniel"]
[Result "1-0"]
[WhiteElo "2455"]
[BlackElo "1930"]
[PlyCount "39"]
[EventDate "2009.??.??"]

1. e4 c5 2. Nf3 d6 3. d4 cxd4 4. Nxd4 Nf6 5. Nc3 g6 6. Be3 Bg7 7. f3 Nc6 8. Qd2
O-O 9. g4 Be6 10. O-O-O Ne5 11. g5 Ne8 12. h4 Rc8 13. f4 Nc4 14. Bxc4 Rxc4 15.
Qe2 Qc8 16. f5 gxf5 17. exf5 Bxd4 18. Rxd4 Rxd4 19. Bxd4 Bxf5 20. Nd5 
1-0

[Event "Arctic Chess Challenge 2009"]
[Site "Scandic Tromsø"]
[Date "2009.08.01"]
[Round "1"]
[White "Rølvåg, Birk Anders"]
[Black "Socko, Monika"]
[Result "0-1"]
[WhiteElo "1906"]
[BlackElo "2449"]
[PlyCount "58"]
[EventDate "2009.??.??"]

1. e4 c5 2. Nc3 Nc6 3. g3 g6 4. Bg2 Bg7 5. Nge2 e6 6. d3 Nge7 7. Be3 Nd4 8. O-O
O-O 9. Qd2 d6 10. Nd1 Nec6 11. Nc1 Ne5 12. f3 Bd7 13. c3 Ndc6 14. Bh6 Bxh6 15.
Qxh6 f5 16. exf5 exf5 17. Qd2 Be6 18. Ne2 Bf7 19. Ne3 Qa5 20. f4 Nd7 21. d4 Nb6
22. Qd3 Rae8 23. a3 c4 24. Nxc4 Qa6 25. d5 Na5 26. b3 Nxb3 27. Rab1 Nc5 28. Qd4
Rxe2 29. Qf6 Rxg2+ 
0-1

[Event "Arctic Chess Challenge 2009"]
[Site "Scandic Tromsø"]
[Date "2009.08.01"]
[Round "1"]
[White "Eriksen, Magnus"]
[Black "Hansen, Torbjørn R."]
[Result "0-1"]
[WhiteElo "1875"]
[BlackElo "2440"]
[PlyCount "58"]
[EventDate "2009.??.??"]

1. e4 c5 2. Nc3 a6 3. d4 cxd4 4. Qxd4 Nc6 5. Qe3 Nf6 6. Bc4 d6 7. f4 e6 8. Nf3
Be7 9. Qe2 d5 10. Bd3 dxe4 11. Nxe4 Nb4 12. Nxf6+ Bxf6 13. Be4 Nc6 14. c3 O-O
15. O-O Qc7 16. Be3 Bd7 17. Kh1 Ne7 18. Ng5 g6 19. Rfd1 Bc6 20. Qf3 Nd5 21.
Bxd5 Bxd5 22. Qf2 Bg7 23. Bb6 Qc6 24. Bd4 f6 25. Nf3 b5 26. a3 Rad8 27. Ne1 g5
28. fxg5 fxg5 29. Qg3 Bxd4 
0-1

[Event "Arctic Chess Challenge 2009"]
[Site "Scandic Tromsø"]
[Date "2009.08.01"]
[Round "1"]
[White "Zdebskaja, Natalia"]
[Black "De Winter, Eric"]
[Result "1-0"]
[WhiteElo "2412"]
[BlackElo "1854"]
[PlyCount "53"]
[EventDate "2009.??.??"]

1. e4 g6 2. d4 d6 3. Nc3 Bg7 4. f4 Nf6 5. Nf3 c5 6. dxc5 Qa5 7. Bd3 Qxc5 8. Qe2
Nc6 9. Be3 Qa5 10. O-O Ng4 11. Bd2 O-O 12. h3 Nf6 13. Nd5 Qd8 14. c3 e6 15.
Nxf6+ Bxf6 16. g4 Kh8 17. Kh1 a6 18. h4 Bg7 19. g5 Ne7 20. h5 h6 21. gxh6 Bxh6
22. f5 g5 23. f6 Ng8 24. Bxg5 Qa5 25. b4 Qd8 26. e5 d5 27. Qg2 
1-0

[Event "Arctic Chess Challenge 2009"]
[Site "Scandic Tromsø"]
[Date "2009.08.01"]
[Round "1"]
[White "Taube, Gregor"]
[Black "Mikkelsen, Nikolaj"]
[Result "1-0"]
[WhiteElo "1835"]
[BlackElo "2399"]
[PlyCount "59"]
[EventDate "2009.??.??"]

1. e4 c5 2. Nf3 d6 3. d4 cxd4 4. Nxd4 Nf6 5. Nc3 a6 6. Bg5 e6 7. f4 Nbd7 8. Qf3
Be7 9. O-O-O Qc7 10. Bd3 b5 11. Rhe1 Bb7 12. Qg3 b4 13. Nd5 exd5 14. e5 dxe5
15. fxe5 O-O-O 16. Nf5 Bf8 17. exf6 Qxg3 18. hxg3 g6 19. Ne7+ Kb8 20. Bf4+ Ka8
21. Bxa6 Bxa6 22. Rxd5 Bc4 23. Rd4 Be6 24. Rxb4 Bxe7 25. fxe7 Rb8 26. Bxb8 Nxb8
27. Re3 Ka7 28. Rd3 Re8 29. Rxb8 Rxb8 30. Rd8 
1-0

[Event "Arctic Chess Challenge 2009"]
[Site "Scandic Tromsø"]
[Date "2009.08.01"]
[Round "1"]
[White "Leniart, Arkadiusz"]
[Black "Degerstedt, Erik"]
[Result "1-0"]
[WhiteElo "2390"]
[BlackElo "1827"]

1. Nf3 Nf6 2. c4 g6 3. Nc3 Bg7 4. e4 d6 5. d4 O-O 6. h3 Nbd7 7. Be3 c5 8. d5 a6
9. Qd2 Re8 10. a4 Qa5 11. Ra3 Nf8 12. Bd3 N6d7 13. O-O Rb8 14. Qc2 Ne5 15. Nxe5
Bxe5 16. f4 Bg7 17. Qf2 Nd7 18. g4 Rf8 19. Kg2 Qb4 20. g5 Qa5 21. h4 Qd8 22.
Rb3 Nb6 23. h5 Bg4 24. Be2 Bxe2 25. Qxe2 Nd7 26. Qg4 Qe8 27. Rh1 f5 28. exf5
Rxf5 29. Ne4 b5 30. Ng3 e6 31. hxg6 hxg6 32. axb5 axb5 33. dxe6 Qxe6 34. Nxf5
gxf5 35. Qf3 Qxc4 36. Bf2 d5 37. Re3 Nf8 38. b3 
1-0

[Event "Arctic Chess Challenge 2009"]
[Site "Scandic Tromsø"]
[Date "2009.08.01"]
[Round "1"]
[White "Pieri, Enzo"]
[Black "Wohl, Aleksandar H."]
[Result "0-1"]
[WhiteElo "1826"]
[BlackElo "2387"]
[PlyCount "48"]
[EventDate "2009.??.??"]

1. d4 Nf6 2. Nf3 e6 3. c4 c5 4. d5 b5 5. dxe6 fxe6 6. Bg5 bxc4 7. Nc3 d5 8. e3
Be7 9. Be2 O-O 10. O-O Nc6 11. Re1 Bb7 12. Bf1 Ng4 13. Bxe7 Qxe7 14. h3 Nge5
15. Nxe5 Nxe5 16. Qc2 Qf6 17. Rad1 Rad8 18. Rd2 d4 19. exd4 cxd4 20. Ne4 Qf4
21. Nc5 Bd5 22. Rxe5 Qxe5 23. Bxc4 Bxc4 24. Qxc4 Qe1+ 
0-1

[Event "Arctic Chess Challenge 2009"]
[Site "Scandic Tromsø"]
[Date "2009.08.01"]
[Round "1"]
[White "Tiller, Bjørn"]
[Black "Steinskog, Asbjørn O."]
[Result "1-0"]
[WhiteElo "2371"]
[BlackElo "1791"]
[PlyCount "85"]
[EventDate "2009.??.??"]

1. e4 c5 2. d3 Nc6 3. f4 g6 4. Nf3 d6 5. g3 Bg7 6. Bg2 e6 7. O-O Nge7 8. Nc3
O-O 9. Be3 b6 10. Bf2 Ba6 11. Qd2 Qd7 12. Rae1 Rae8 13. h3 f5 14. g4 Nd8 15.
Re2 Bb7 16. Rfe1 a6 17. d4 Qc7 18. exf5 exf5 19. Bh4 Bf6 20. Bxf6 Rxf6 21. Nh4
Bxg2 22. Kxg2 Qd7 23. Nd5 Rf7 24. Rxe7 Rexe7 25. Rxe7 Qc6 26. Nf3 Qxd5 27. Re8+
Rf8 28. Qe2 Nc6 29. c4 Qf7 30. Rxf8+ Kxf8 31. d5 Nd4 32. Nxd4 cxd4 33. g5 b5
34. Qd3 bxc4 35. Qxd4 Kg8 36. Qxc4 Qb7 37. b4 Qb6 38. a4 Qe3 39. Qc8+ Kg7 40.
Qd7+ Kh8 41. Qd8+ Kg7 42. Qf6+ Kg8 43. Qe6+ 
1-0

[Event "Arctic Chess Challenge 2009"]
[Site "Scandic Tromsø"]
[Date "2009.08.01"]
[Round "1"]
[White "Smith, Brian"]
[Black "Welling, Gerard"]
[Result "0-1"]
[WhiteElo "1774"]
[BlackElo "2363"]
[PlyCount "20"]
[EventDate "2009.??.??"]

1. d4 b5 2. e4 a6 3. f4 e6 4. Nf3 Bb7 5. Bd3 c5 6. c3 Nf6 7. Qe2 Be7 8. O-O Qb6
9. dxc5 Bxc5+ 10. Kh1 Ng4 
0-1

[Event "Arctic Chess Challenge 2009"]
[Site "Scandic Tromsø"]
[Date "2009.08.01"]
[Round "1"]
[White "Westerinen, Heikki M.J."]
[Black "Kjøita, Henning"]
[Result "1-0"]
[WhiteElo "2362"]
[BlackElo "1746"]

1. e4 c5 2. Nf3 Nc6 3. Bb5 g6 4. c3 Bg7 5. d4 cxd4 6. cxd4 d6 7. Nc3 Bd7 8. O-O
a6 9. Ba4 Nf6 10. d5 Na7 11. Bxd7+ Nxd7 12. Be3 O-O 13. Qb3 Ne5 14. Nxe5 Bxe5
15. Qxb7 Nb5 16. Nxb5 axb5 17. Qxb5 Qb8 18. a4 Bxb2 19. Rab1 Bc3 20. Qd3 Qc7
21. Rfc1 Rfc8 22. Bd2 Rxa4 23. Qxc3 Qxc3 24. Rxc3 Rca8 25. f3 
1-0

[Event "Arctic Chess Challenge 2009"]
[Site "Scandic Tromsø"]
[Date "2009.08.01"]
[Round "1"]
[White "Forså, Elise"]
[Black "Groetz, Harald"]
[Result "0-1"]
[WhiteElo "1728"]
[BlackElo "2350"]
[PlyCount "72"]
[EventDate "2009.??.??"]

1. e4 c5 2. Nf3 d6 3. d4 cxd4 4. Nxd4 Nf6 5. Nc3 Nc6 6. Be2 e5 7. Nb3 Be7 8.
Be3 O-O 9. O-O a5 10. f4 a4 11. Nd2 exf4 12. Rxf4 a3 13. b3 Be6 14. Bc4 Ne5 15.
Nd5 Bxd5 16. Bxd5 Nxd5 17. exd5 Bg5 18. Re4 Bxe3+ 19. Rxe3 Qb6 20. Nf1 f5 21.
Kh1 Ng4 22. Re2 Rae8 23. Nd2 Nf2+ 24. Rxf2 Qxf2 25. Nc4 Re2 26. Qg1 Rfe8 27.
Qxf2 Rxf2 28. Nxa3 Ree2 29. Rg1 f4 30. Nb5 f3 31. h3 Rxc2 32. Nxd6 Rfe2 33. Nf5
f2 34. Rf1 Re1 35. Ng3 Rxf1+ 36. Nxf1 Rc1 
0-1

[Event "Arctic Chess Challenge 2009"]
[Site "Scandic Tromsø"]
[Date "2009.08.01"]
[Round "1"]
[White "Van de Venter, Sandra"]
[Black "Zozulia, Anna"]
[Result "0-1"]
[WhiteElo "1665"]
[BlackElo "2341"]

1. d4 g6 2. Nf3 Bg7 3. g3 d5 4. Bg2 Nf6 5. Nbd2 c6 6. e3 O-O 7. O-O Qc7 8. c4
Nbd7 9. b3 e5 10. dxe5 Nxe5 11. Nxe5 Qxe5 12. Ba3 Re8 13. Nf3 Qh5 14. Nh4 Bg4
15. Qc2 dxc4 16. bxc4 Rad8 17. Rab1 Be2 18. Rfe1 Bd3 19. Qb3 Bxb1 20. Qxb1 Qa5
21. Bb4 Qa4 22. Bf3 a5 23. Bc5 Qxc4 24. Rc1 Qa6 25. Bd4 Nd7 26. Bxg7 Kxg7 27.
Ng2 Ne5 28. Qb2 Rd2 29. Qc3 Kg8 30. Bd1 Qd3 31. Qa1 Rd8 32. Bb3 Nf3+ 33. Kh1
Rxf2 34. Bc4 Rxg2 35. Kxg2 Qxe3 36. Rd1 Rxd1 37. Qxd1 Qd2+ 38. Qxd2 Nxd2 39.
Bd3 f5 40. Kf2 Kf7 41. Ke3 Ne4 42. Bxe4 fxe4 43. Kxe4 Ke6 44. g4 b5 45. Kd4 Kd6
46. h4 c5+ 47. Kd3 Kd5 48. a3 b4 49. a4 c4+ 50. Kc2 Ke4 51. h5 g5 52. Kd2 Kf4
53. Ke2 Kxg4 54. h6 b3 55. Kd2 Kf3 56. Kc3 g4 57. Kxc4 b2 
0-1

[Event "Arctic Chess Challenge 2009"]
[Site "Scandic Tromsø"]
[Date "2009.08.01"]
[Round "1"]
[White "Urkedal, Frode Olav Olsen"]
[Black "Handberg, Rune"]
[Result "1-0"]
[WhiteElo "2333"]
[BlackElo "1663"]
[PlyCount "83"]
[EventDate "2009.??.??"]

1. d4 Nf6 2. Nf3 g6 3. c4 Bg7 4. Nc3 d6 5. e4 O-O 6. Be2 e5 7. O-O Nc6 8. d5
Ne7 9. Nd2 Ne8 10. b4 f5 11. c5 Nf6 12. f3 f4 13. Nc4 a6 14. a4 g5 15. cxd6
cxd6 16. a5 h5 17. Ba3 g4 18. b5 g3 19. Nxd6 gxh2+ 20. Kxh2 axb5 21. Qb3 Kh7
22. Ncxb5 Rg8 23. Nf7 Qd7 24. Nbd6 Bf8 25. Rf2 Ng6 26. Bb5 Qc7 27. Rc2 Bxd6 28.
Rxc7 Bxc7 29. d6 Bxa5 30. d7 Nxd7 31. Ng5+ Kh8 32. Qe6 Bd8 33. Nf7+ Kh7 34.
Bxd7 Bxd7 35. Qxd7 Rg7 36. Qf5 Be7 37. Qxh5+ Kg8 38. Nh6+ Kh7 39. Nf5+ Kg8 40.
Bxe7 Rxa1 41. Nh6+ Kh7 42. Bf6 
1-0

[Event "Arctic Chess Challenge 2009"]
[Site "Scandic Tromsø"]
[Date "2009.08.01"]
[Round "1"]
[White "Du Randt, Jeandré"]
[Black "Forså, Espen"]
[Result "0-1"]
[WhiteElo "1651"]
[BlackElo "2311"]

1. e4 c5 2. Nf3 d6 3. d4 cxd4 4. Nxd4 Nf6 5. Nc3 a6 6. f4 e6 7. Be3 Qc7 8. Qd2
b5 9. Bd3 Bb7 10. a3 Nbd7 11. O-O-O Rc8 12. Rhe1 Be7 13. Bxb5 axb5 14. Ndxb5
Qb8 15. Nxd6+ Bxd6 16. Qxd6 Qxd6 17. Rxd6 Nxe4 18. Nxe4 Bxe4 19. Rd2 Nf6 20.
Bd4 Bf5 21. Bxf6 gxf6 22. g3 Ke7 23. Red1 Rhd8 24. c3 Rxd2 25. Rxd2 Rd8 26.
Rxd8 Kxd8 27. b4 Bd3 28. a4 Kc7 29. Kd2 Bc4 30. Ke3 Kb6 31. Kd4 Bb3 32. a5+ Kb5
33. g4 h6 34. h3 Bd1 35. Ke3 Kc4 36. a6 Ba4 37. h4 f5 38. g5 h5 39. Kd2 Bb5 40.
a7 Bc6 41. Kc2 Bd5 42. Kb2 Be4 43. Ka3 Kxc3 44. Ka4 Kd4 45. Ka5 e5 46. fxe5
Kxe5 47. b5 f4 48. Kb6 f3 49. Kc7 f2 50. b6 f1=Q 51. b7 Bxb7 52. Kxb7 Qf3+ 53.
Kb8 Kf4 
0-1

[Event "Arctic Chess Challenge 2009"]
[Site "Scandic Tromsø"]
[Date "2009.08.01"]
[Round "1"]
[White "Thomassen, Joachim"]
[Black "De Klerk, Schalk Hendrik"]
[Result "1-0"]
[WhiteElo "2300"]
[BlackElo "1585"]
[PlyCount "111"]
[EventDate "2009.??.??"]

1. d4 Nf6 2. c4 e6 3. Nf3 d5 4. Nc3 Be7 5. Bf4 b6 6. e3 Bb7 7. Rc1 Nh5 8. Be5
Nd7 9. cxd5 exd5 10. Nb5 Nxe5 11. Nxc7+ Kf8 12. dxe5 Bb4+ 13. Nd2 Rc8 14. Nb5
Rxc1 15. Qxc1 a6 16. Nd4 g6 17. Be2 Ng7 18. O-O Ne6 19. a3 Nxd4 20. exd4 Be7
21. f4 Qc8 22. Qb1 Kg7 23. f5 Bg5 24. f6+ Kf8 25. Rc1 Qd7 26. Qd3 Ke8 27. Rc3
Kd8 28. Nf3 Bh6 29. Qc2 Re8 30. Kf2 Re6 31. Ne1 Rc6 32. Rxc6 Qxc6 33. Qxc6 Bxc6
34. Bxa6 b5 35. Nd3 Kc7 36. Nb4 Bc1 37. Ke2 Kb6 38. Bc8 Kc7 39. Bg4 Bb7 40. Kd3
Kd8 41. Bf3 Bxb2 42. Bxd5 Bxd5 43. Nxd5 Bxa3 44. Nc3 b4 45. Nb5 Bc1 46. Kc4 Kd7
47. Kxb4 Ke6 48. Kc4 Bf4 49. g3 Bxe5 50. dxe5 Kxe5 51. Kd3 Kxf6 52. Ke4 Kg5 53.
Kf3 h5 54. Nd6 f5 55. h4+ Kf6 56. Kf4 
1-0

[Event "Arctic Chess Challenge 2009"]
[Site "Scandic Tromsø"]
[Date "2009.08.01"]
[Round "1"]
[White "Roelfse, Arlene Zelthea"]
[Black "Løvik, Lasse Østebø"]
[Result "0-1"]
[WhiteElo "1502"]
[BlackElo "2296"]
[PlyCount "70"]
[EventDate "2009.??.??"]

1. e4 c5 2. Bc4 e6 3. Nf3 Nc6 4. d3 d6 5. Be3 g6 6. O-O Bg7 7. c3 Nge7 8. d4
cxd4 9. Nxd4 O-O 10. Bb5 Qc7 11. Qa4 Bd7 12. Rd1 a6 13. Bxc6 Nxc6 14. Qc4 b5
15. Qd3 Ne5 16. Qe2 Nc4 17. Rd3 e5 18. Nb3 Bc6 19. f3 f5 20. exf5 gxf5 21. Rd1
Rae8 22. Qc2 Nxe3 23. Qd2 Nxd1 24. Qxd1 e4 25. fxe4 fxe4 26. Nd4 Qf7 27. Nd2
Bxd4+ 28. cxd4 Qf2+ 29. Kh1 e3 30. Qg1 exd2 31. h3 Qxg1+ 32. Kxg1 Re1+ 33. Rxe1
dxe1=Q+ 34. Kh2 Rf1 35. g3 Qf2# 
0-1

[Event "Arctic Chess Challenge 2009"]
[Site "Scandic Tromsø"]
[Date "2009.08.01"]
[Round "1"]
[White "Tikkanen, Kari"]
[Black "Malan, Ian"]
[Result "1-0"]
[WhiteElo "2283"]
[BlackElo "1502"]
[PlyCount "69"]
[EventDate "2009.??.??"]

1. d4 e6 2. g3 g6 3. Bg2 Bg7 4. Nf3 d5 5. c4 Nc6 6. O-O Nge7 7. cxd5 Qxd5 8.
Nc3 Qd6 9. e3 O-O 10. Nd2 e5 11. d5 Nb4 12. a3 Nbxd5 13. Nxd5 Nxd5 14. Nc4 Qd8
15. Qxd5 Qxd5 16. Bxd5 Be6 17. Bxe6 fxe6 18. e4 b5 19. Na5 Rab8 20. Be3 b4 21.
axb4 Rxb4 22. Bc5 Rxe4 23. Bxf8 Bxf8 24. Rfc1 c5 25. Kf1 Rd4 26. Nc4 e4 27.
Rxa7 Bd6 28. Nxd6 Rxd6 29. Rxc5 Rd1+ 30. Ke2 Rd8 31. Rcc7 e3 32. Rg7+ Kf8 33.
Rxh7 Rd2+ 34. Kxe3 Rd8 35. Rh8# 
1-0

[Event "Arctic Chess Challenge 2009"]
[Site "Scandic Tromsø"]
[Date "2009.08.01"]
[Round "1"]
[White "Kjøita, Torgeir"]
[Black "Engstrom, Kaj"]
[Result "0-1"]
[WhiteElo "1498"]
[BlackElo "2274"]
[PlyCount "100"]
[EventDate "2009.??.??"]

1. e4 c5 2. Nf3 e6 3. d4 cxd4 4. Nxd4 Bc5 5. Nb3 Bb6 6. Be2 Qh4 7. O-O Nf6 8.
e5 Ne4 9. Be3 Bxe3 10. fxe3 Qg5 11. Qd4 f5 12. exf6 Nxf6 13. Nc3 Nc6 14. Qf4
Qxf4 15. exf4 d5 16. Rae1 O-O 17. Bb5 Nd8 18. Nd4 g6 19. Re2 a6 20. Ba4 b5 21.
Bb3 Rb8 22. g3 Bd7 23. Nd1 a5 24. c3 Ne4 25. Ne3 Nd6 26. Nf3 a4 27. Bc2 b4 28.
Rb1 N8f7 29. Ng4 Kg7 30. Nge5 Nxe5 31. Nxe5 Bb5 32. Ree1 bxc3 33. bxc3 Rbc8 34.
Bd3 Bxd3 35. Nxd3 Ne4 36. Rb7+ Rf7 37. Rxf7+ Kxf7 38. Ne5+ Kf6 39. c4 Kf5 40.
cxd5 exd5 41. Nd7 Rc2 42. Nb6 d4 43. Rd1 Nc3 44. Re1 d3 45. Nd5 Nxd5 46. Re5+
Kg4 47. Rxd5 d2 48. Kf1 Rxa2 49. Ke2 a3 50. Ke3 Rb2 
0-1

[Event "Arctic Chess Challenge 2009"]
[Site "Scandic Tromsø"]
[Date "2009.08.01"]
[Round "1"]
[White "Røyset, Pål"]
[Black "Prohl, Frank"]
[Result "1-0"]
[WhiteElo "2239"]
[BlackElo "1481"]
[PlyCount "37"]
[EventDate "2009.??.??"]

1. e4 c6 2. d4 d5 3. exd5 cxd5 4. c4 Nf6 5. Nc3 e6 6. Bg5 Be7 7. Nf3 Nc6 8. c5
a6 9. Bd3 h6 10. Bf4 Nh5 11. Be3 Nf6 12. O-O O-O 13. a3 Qc7 14. Re1 Bd7 15. Rc1
Rfc8 16. b4 Na7 17. Ne5 Be8 18. Bf4 Kf8 19. Ng6+ 
1-0

[Event "Arctic Chess Challenge 2009"]
[Site "Scandic Tromsø"]
[Date "2009.08.01"]
[Round "1"]
[White "Hegelund, Ole Jakob"]
[Black "Vas, Peter"]
[Result "0-1"]
[WhiteElo "1476"]
[BlackElo "2232"]

1. e4 e5 2. Nf3 Nf6 3. Nxe5 d6 4. Nf3 Nxe4 5. d4 d5 6. Bd3 Bd6 7. Nbd2 O-O 8.
c4 Bf5 9. O-O Nxf2 10. Rxf2 Bxd3 11. cxd5 Nd7 12. Qb3 Ba6 13. Ne4 Nb6 14. Nfg5
h6 15. Qh3 Be7 16. Nxf7 Rxf7 17. Rxf7 Kxf7 18. Qe6+ Kf8 19. Bxh6 Bf6 20. Nxf6
gxh6 21. Rf1 Bxf1 22. Nh7+ Kg7 23. Qe5+ Kxh7 24. Qf5+ Kg7 25. Qe5+ Qf6 26.
Qxc7+ Qf7 27. Qe5+ Kg8 28. Qg3+ Kh7 29. Qc3 Rc8 
0-1

[Event "Arctic Chess Challenge 2009"]
[Site "Scandic Tromsø"]
[Date "2009.08.01"]
[Round "1"]
[White "Bjerke, Silje"]
[Black "Mikalsen, Harald"]
[Result "1-0"]
[WhiteElo "2231"]
[BlackElo "1468"]
[PlyCount "93"]
[EventDate "2009.??.??"]

1. e4 e5 2. Nf3 Nf6 3. d4 Nxe4 4. Bd3 d5 5. Nxe5 Bd6 6. O-O O-O 7. c4 c6 8. Nc3
f6 9. Nf3 Bf5 10. Qc2 Na6 11. a3 Re8 12. cxd5 cxd5 13. Nxd5 Rc8 14. Nc3 Nxc3
15. bxc3 Bxd3 16. Qxd3 Nc5 17. Qc4+ Ne6 18. Qb3 Kh8 19. Bd2 b6 20. Rfe1 Qd7 21.
a4 Nf4 22. Qb5 Red8 23. Qxd7 Rxd7 24. Re4 Nd3 25. Rb1 Kg8 26. Kf1 f5 27. Re6
Bf4 28. Rb3 Bxd2 29. Nxd2 Kf7 30. Re3 Nc5 31. dxc5 Rxd2 32. cxb6 axb6 33. Rxb6
Ra2 34. Rd3 Re8 35. Rd7+ Kg8 36. g3 Rxa4 37. Rbb7 Rg4 38. h3 Rg6 39. Rbc7 h5
40. c4 h4 41. gxh4 Ra8 42. h5 Ra1+ 43. Ke2 Rg2 44. h6 Ra2+ 45. Kd3 Rgxf2 46.
Rxg7+ Kf8 47. Rc8# 
1-0